Normal view
MARC view
- Kriger, David S.
Entry Personal Name
001 - CONTROL NUMBER
- control field: 23032
003 - CONTROL NUMBER IDENTIFIER
- control field: NUST
005 - DATE AND TIME OF LATEST TRANSACTION
- control field: 20191008100942.0
008 - FIXED-LENGTH DATA ELEMENTS
- fixed length control field: 191008|| aca||aabn | a|a d
040 ## - CATALOGING SOURCE
- Original cataloging agency: NUST
- Transcribing agency: NUST
100 ## - HEADING--PERSONAL NAME
- Personal name: Kriger, David S.
670 ## - SOURCE DATA FOUND
- Source citation: Work cat.: (NUST)0: Estimating toll road demand and revenue /, c2006.
